Nová teorie ekonomiky a managementu fikce nebo realita?
Pojem nová ekonomika. Paradox novej ekonomiky. Analýza systémov riadenia organizácie. Podnik ako živý organizmus. Riadenie podľa biologického modelu. Model systému riadenia organizácií.
Guardado en:
| Autor principal: | |
|---|---|
| Formato: | Capítulo de libro |
| Lenguaje: | checo |
| Materias: | |
| Etiquetas: |
Sin Etiquetas, Sea el primero en etiquetar este registro!
|
MARC
| LEADER | 00000naa$a2200000$$$4500 | ||
|---|---|---|---|
| 001 | 0086000 | ||
| 005 | 20220909121826.0 | ||
| 041 | 0 | |a cze | |
| 044 | |a SK | ||
| 245 | 1 | 0 | |a Nová teorie ekonomiky a managementu fikce nebo realita? |c Jan Truneček |
| 520 | |a Pojem nová ekonomika. Paradox novej ekonomiky. Analýza systémov riadenia organizácie. Podnik ako živý organizmus. Riadenie podľa biologického modelu. Model systému riadenia organizácií. | ||
| 610 | 2 | 0 | |a spoločnosť industriálna |
| 610 | 2 | 0 | |a spoločnosť informačná |
| 610 | 2 | 0 | |a ekonomika nová |
| 610 | 2 | 0 | |a riadenie podnikové |
| 610 | 2 | 0 | |a manažment |
| 100 | 1 | |a Truneček, Jan | |